| 000 | 00390nam a22001577a 4500 | ||
|---|---|---|---|
| 003 | Macl | ||
| 005 | 20241018142331.0 | ||
| 008 | 241018b |||||||| |||| 00| 0 eng d | ||
| 040 | _cMacl | ||
| 082 | _a330 | ||
| 100 |
_aRanjan,Ameebh _982511 |
||
| 245 | _aNCERT Notes Indian Economy class 6-12(old+new) | ||
| 260 |
_aNew Delhi _bArihant _c2024 |
||
| 650 | _aEconomy | ||
| 942 |
_2ddc _cC. BOOKS |
||
| 999 |
_c67039 _d67039 |
||